| 000 | 01127cam a22003135a 4500 | ||
|---|---|---|---|
| 001 | 2600670 | ||
| 005 | 20161123125209.0 | ||
| 008 | 971211s1998 nyu frb 001 0 eng d | ||
| 020 | _a0815627742 (pbk. : alk. paper) | ||
| 020 | _a9780815627746 | ||
| 040 |
_aDLC _beng _cDLC _dDLC _dEG-ScBUE _dEG-ScBUE |
||
| 043 |
_aaw----- _aff----- |
||
| 082 | 0 | 4 |
_a320.917671 _bESP _222 |
| 100 | 1 |
_aEsposito, John L. _938535 |
|
| 245 | 1 | 0 |
_aIslam and politics / _cJohn L. Esposito. |
| 250 | _a4th ed. | ||
| 260 |
_aSyracuse : _bSyracuse University Press, _c1998. |
||
| 300 |
_axxii, 393 p. : _bmap ; _c23 cm. |
||
| 500 | _aIndex : P. 377-393. | ||
| 504 | _aBibliography : p. 367-375. | ||
| 650 | 0 |
_aIslam and politics _zAfrica, North. _2BUEsh |
|
| 650 | 0 |
_aPolitical science _zMiddle East _xHistory. _2BUEsh |
|
| 650 | 0 |
_aPolitical science _zAfrica, North _xHistory. _2BUEsh |
|
| 651 | 0 |
_aMiddle East _xPolitics and government. _2BUEsh |
|
| 651 | 0 |
_aAfrica, North _xPolitics and government. _2BUEsh |
|
| 653 |
_bBUSBOL _cSeptember2015 _cOctober2015 |
||
| 650 | 0 |
_911983 _aIslam and politics _zMiddle East _2BUEsh |
|
| 942 |
_2ddc _k320.917671 ESP |
||
| 999 |
_c20841 _d20813 |
||